Undertale Quiz - Statistics

General Stats
  • This quiz has been taken 31 times
  • The average score is 14 of 24
Answer Stats
Hint Xtra Hint Answer % Correct
final boss in the true pacifist - Asriel
100%
name of the first human that fell into the Underground - Chara
100%
main character's real name - Frisk
100%
The king's (Full name) - Asgore Dreemurr
92%
What does "LOVE" stand for in Undertale - Level of violence
76%
What is the name of Mettaton's (true form) The Mettaton bossfight (after you hit the switch in it's back) Mettaton EX
76%
Who was the royal scientist before Alphys - Gaster
72%
What is the name of the mountain Where you fall down to the Underground Mt Ebott
64%
Name of an enemy that first introduces the (blue attacks) - Doggo
60%
What is the name of a shopkeeper in Waterfall he is a turtle Gerson
56%
Name of an anime show that Alphys watches - Mew Mew Kissie Cutie
56%
What is the first boss where your soul is pink and only* Muffet
56%
Where can you find an "old tutu" - Waterfall
56%
What is sans's pet Can been seen when you date Papyrus a Rock
52%
what is the logo in Toriel's shirt - Deltarune
52%
Name of a fire/flame monster sitting next to the R2 elevator in the hotland *remember ny name* Heats Flamesman
52%
What bed does papyrus have - a Race car
48%
What did you drink when you were dating Undyne - Tea
48%
What is the name of Napstablook's snail race - Thundersnail
48%
What is the name of the library in snowdin - Librarby
44%
What are the names of the shopkeepers in the "creepy alleyway" - Bratty and Catty
40%
What is the first enemy that introduces the "orange attacks" - Pyrope
24%
Who's cuote is this: Contains vitamin A ??? - Vegetoid
20%
What is the most expensive thing in the temmie shop Costs 1000 G Tem pay 4 colleg
4%
No matching quizzes found
Score Distribution
Percent of People with Each Score
Percentile by Number Answered
Your Score History
You have not taken this quiz